| 000 | 00000nam 2200000za 4500 |
| 001 | 9.856180 |
| 003 | CaOODSP |
| 005 | 20221107155500 |
| 007 | cr ||||||||||| |
| 008 | 180504s2018 nscbd ob f000 0 eng d |
| 040 | |aCaOODSP|beng |
| 043 | |an-cn-nf|an-cn-nk|an-cn-ns |
| 086 | 1 |aFs70-7/2018-022E-PDF |
| 245 | 00|aStock status update of Atlantic halibut (Hippoglossus hippoglossus) on the Scotian Shelf and southern Grand Banks in NAFO divisions 3NOPs4VWX5Zc |h[electronic resource]. |
| 246 | 17|aScience response : |bstock status update of Atlantic halibut |
| 260 | |aDartmouth, N.S. : |bCentre for Science Advice (CSA), Maritimes Region, Fisheries and Oceans Canada, |c2018. |
| 300 | |a9 p. : |bcharts (some col.), map. |
| 490 | 1 |aScience response, |x1919-3769 ; |v2018/022 |
| 500 | |aIssued also in French under title: Mise à jour de l'état du stock de flétan (Hippoglossus hippoglossus) du plateau néo-écossais et du sud des grands bancs dans les divisions 3NOPs4VWX5Zc de l'OPANO. |
| 500 | |aCaption title. |
| 500 | |a"April 2018." |
| 504 | |aIncludes bibliographical references. |
| 520 | |a"Atlantic Halibut (Hippoglossus hippoglossus) is the largest of the flatfishes and ranges widely over Canada's East Coast. The management unit definition, Northwest Atlantic Fisheries Organization (NAFO) Divisions 3NOPs4VWX5Zc, is based largely on tagging results that indicate that Atlantic Halibut move extensively throughout the Canadian North Atlantic with smaller fish moving further than larger fish. Resource Management asked Science to update and evaluate Atlantic Halibut abundance indicators, landings and fishing mortality estimated from tagging data. This response provides 2018-2019 TAC advice based on the Objectives and Harvest Strategy adopted at the Scotia-Fundy Groundfish Advisory Committee (SFGAC) meeting in March 2015”--Context, p. [1]. |
| 693 | 4|aAtlantic halibut |
| 693 | 4|aFishing area |
| 693 | 4|aFish stock assessment |
| 710 | 1 |aCanada. |bDepartment of Fisheries and Oceans. |bMaritimes Region. |
| 710 | 2 |aCanadian Science Advisory Secretariat. |
| 775 | 08|tMise à jour de l'état du stock de flétan (Hippoglossus hippoglossus) du plateau néo-écossais et du sud des grands bancs dans les divisions 3NOPs4VWX5Zc de l'OPANO |w(CaOODSP)9.856181 |
| 830 | #0|aScience response (Canadian Science Advisory Secretariat)|x1919-3769 ; |v2018/022.|w(CaOODSP)9.506232 |
| 856 | 40|qPDF|s410 KB|uhttps://publications.gc.ca/collections/collection_2018/mpo-dfo/fs70-7/Fs70-7-2018-022-eng.pdf |